Statistics for Real Words... or Fakes? #3

Click here to take the quiz!

General Stats

  • This quiz has been taken 23 times
    (14 since last reset)
  • The average score is 7 of 15

Answer Stats

QuestionAnswer% Correct
JazzblastFake
67%
PuffiinpoofFake
67%
MisergrumpFake
67%
SkipperpipFake
67%
RumdumReal
67%
SpindleshanksReal
67%
TetchyReal
67%
BlafargleFake
58%
DallystrutFake
42%
BegriddleFake
42%
ExfangorateFake
42%
QuipsomaticFake
42%
BlippantFake
25%
TallyforthFake
0%
SquibbleFake
0%

Score Distribution

Percentile by Number Answered

Percent of People with Each Score

Your Score History

You have not taken this quiz since the last reset